| 000 | 00767nam a2200229 a 4500 | ||
|---|---|---|---|
| 999 |
_c5065 _d5065 |
||
| 001 | 5065 | ||
| 003 | BD-JhCC | ||
| 005 | 20171207185952.0 | ||
| 008 | 171207b xxu||||| |||| 00| 0 eng d | ||
| 020 | _a8170666724 | ||
| 035 | _a(BD-JhCC) 5065 | ||
| 040 |
_aBD-JhCC _dBD-JhCC |
||
| 041 | _aben | ||
| 082 |
_a891.4415 _bCHO 1993 |
||
| 100 | _aচক্রবর্তী, নীরেন্দ্রনাথ | ||
| 245 |
_aকবিতাসমগ্র / _cনীরেন্দ্রনাথ চক্রবর্তী, |
||
| 260 |
_aঢাকা : _bআনন্দ পাবলিশার্স প্রাইভেট লিমিটেড , _c1993 |
||
| 300 |
_a287 p .: _c22 cm . |
||
| 650 | _aCollection of poem | ||
| 942 |
_2ddc _cBK |
||